003350000a2200085000450024501140000004100140011470000250012810000270015377300690018010aObservations on the diet of Balistes vetula (Pisces: Balistidae) in the Gulf of Salamanca Colombian Caribbean0 aEspañol1 aGarcía , Camilo B.1 aShiller von, Dominique1 tBoletín de Investigaciones Marinas y Costerash29q35-40d2000